Taxmann's Bharatiya Sakshya Adhiniyam 2023; (Record no. 1238310)

MARC details
000 -LEADER
fixed length control field 00614nam a22001937a 4500
005 - DATE AND TIME OF LATEST TRANSACTION
control field 20250225121943.0
008 - FIXED-LENGTH DATA ELEMENTS--GENERAL INFORMATION
fixed length control field 250130b |||||||| |||| 00| 0 eng d
020 ## - INTERNATIONAL STANDARD BOOK NUMBER
International Standard Book Number 9789357783606
040 ## - CATALOGING SOURCE
Original cataloging agency LCT
Transcribing agency LCT
084 ## - COLON CLASSIFICATION NUMBER
Classification number Z2,75,15 R4
100 ## - MAIN ENTRY--PERSONAL NAME
Personal name Kansal, Saurabh
9 (RLIN) 699788
245 ## - TITLE STATEMENT
Title Taxmann's Bharatiya Sakshya Adhiniyam 2023;
Remainder of title Law & Practice/
Medium eng
260 ## - PUBLICATION, DISTRIBUTION, ETC.
Place of publication, distribution, etc. New Delhi
Name of publisher, distributor, etc. Taxmann
Date of publication, distribution, etc. 2024
300 ## - PHYSICAL DESCRIPTION
Extent lxxii, 366p.
650 ## - SUBJECT ADDED ENTRY--TOPICAL TERM
Topical term or geographic name entry element Evidence Law-India
9 (RLIN) 734891
650 ## - SUBJECT ADDED ENTRY--TOPICAL TERM
Topical term or geographic name entry element Law
650 ## - SUBJECT ADDED ENTRY--TOPICAL TERM
Topical term or geographic name entry element Sakshya Adhiniyam
9 (RLIN) 734892
942 ## - ADDED ENTRY ELEMENTS (KOHA)
Source of classification or shelving scheme Colon Classification (CC)
Koha item type Textbook
Classification part Z2,75,15 R4
Suppress in OPAC No
Holdings
Withdrawn status Lost status Source of classification or shelving scheme Damaged status Not for loan Collection Home library Current library Shelving location Date acquired Source of acquisition Inventory number Total Checkouts Full call number Barcode Date last seen Price effective from Koha item type
    Colon Classification (CC)     Non-fiction Law Centre-II Library Law Centre-II Library General Stacks 2025-01-30 Singhal Publication 2716/ 09.01.2025   Z2,75,15 R4 LT0028962 2025-01-30 2025-01-30 Textbook
    Colon Classification (CC)     Non-fiction Law Centre-II Library Law Centre-II Library General Stacks 2025-01-30 Singhal Publication 2716/ 09.01.2025   Z2,75,15 R4 LT0028963 2025-01-30 2025-01-30 Textbook
    Colon Classification (CC)     Non-fiction Law Centre-II Library Law Centre-II Library General Stacks 2025-01-30 Singhal Publication 2716/ 09.01.2025   Z2,75,15 R4 LT0028964 2025-01-30 2025-01-30 Textbook
    Colon Classification (CC)     Non-fiction Law Centre-II Library Law Centre-II Library General Stacks 2025-01-30 Singhal Publication 2716/ 09.01.2025   Z2,75,15 R4 LT0028965 2025-01-30 2025-01-30 Textbook
    Colon Classification (CC)     Non-fiction Law Centre-II Library Law Centre-II Library General Stacks 2025-01-30 Singhal Publication 2716/ 09.01.2025   Z2,75,15 R4 LT0028966 2025-01-30 2025-01-30 Textbook
    Colon Classification (CC)     Non-fiction Law Centre-II Library Law Centre-II Library General Stacks 2025-01-30 Singhal Publication 2721/ 20.02.2025   Z2,75,15 R4 LT0029082 2025-02-25 2025-01-30 Textbook
    Colon Classification (CC)     Non-fiction Law Centre-II Library Law Centre-II Library General Stacks 2025-01-30 Singhal Publication 2721/ 20.02.2025   Z2,75,15 R4 LT0029083 2025-02-25 2025-01-30 Textbook
Copyright @ Delhi University Library System